[Event "Titled Tue 26th Aug Early"]
[Site "chess.com INT"]
[Date "2025.08.26"]
[Round "1"]
[White "Ter-Sahakyan, Samvel"]
[Black "Kuznecova, Marija"]
[Result "1-0"]
[WhiteTitle "GM"]
[BlackTitle "WFM"]
[WhiteElo "2611"]
[BlackElo "2207"]
[WhiteFideId "13302531"]
[BlackFideId "11618736"]
[EventDate "2025.08.26"]

1. d4 Nf6 2. c4 c5 3. d5 b5 4. cxb5 a6 5. e3 g6 6. Nc3 Bg7 7. a4 O-O 8. e4 axb5
9. Bxb5 d6 10. Nf3 Ba6 11. Qc2 Nbd7 12. O-O Qc7 13. h3 Rfb8 14. Ra3 c4 15. Nd4
Nc5 16. Nc6 Rb7 17. Be3 e6 18. Bxc5 dxc5 19. d6 Qc8 20. Ne7+ Rxe7 21. dxe7 Bxb5
22. axb5 Rxa3 23. bxa3 Qd7 24. b6 Qxe7 25. Qa4 Qb7 26. Qa7 1-0

[Event "Titled Tue 26th Aug Early"]
[Site "chess.com INT"]
[Date "2025.08.26"]
[Round "1"]
[White "Musial, Igor"]
[Black "Niemann, Hans Moke"]
[Result "0-1"]
[WhiteTitle "FM"]
[BlackTitle "GM"]
[WhiteElo "2306"]
[BlackElo "2736"]
[WhiteFideId "21858110"]
[BlackFideId "2093596"]
[EventDate "2025.08.26"]

1. e4 e5 2. Nf3 Nc6 3. Bb5 a6 4. Ba4 Nf6 5. O-O Be7 6. d3 b5 7. Bb3 d6 8. a3 O-O
9. Nc3 Nb8 10. a4 b4 11. Nd5 a5 12. h3 Nbd7 13. Be3 Bb7 14. Nxe7+ Qxe7 15. c3 d5
16. exd5 Nxd5 17. Qd2 Rfe8 18. d4 e4 19. Ne1 Kh8 20. c4 Nxe3 21. fxe3 c5 22. d5
Ba6 23. Qe2 Ne5 24. Rf4 Ng6 25. Rf2 Rf8 26. Bc2 f5 27. b3 Rae8 28. g3 Qe5 29.
Kh2 Qxa1 0-1

[Event "Titled Tue 26th Aug Early"]
[Site "chess.com INT"]
[Date "2025.08.26"]
[Round "1"]
[White "Waldhausen Gordon, Frederick"]
[Black "Arnold, Rhys"]
[Result "1-0"]
[WhiteTitle "FM"]
[BlackTitle "FM"]
[WhiteElo "2393"]
[BlackElo "2269"]
[WhiteFideId "2409143"]
[BlackFideId "1068849"]
[EventDate "2025.08.26"]

1. Nf3 Nf6 2. g3 c5 3. Bg2 Nc6 4. O-O e5 5. c4 Be7 6. d3 O-O 7. Nc3 d6 8. Bg5
Be6 9. Bxf6 Bxf6 10. Ne1 g6 11. Nc2 Bg7 12. Ne3 f5 13. Ned5 Qd7 14. e3 g5 15. f4
exf4 16. gxf4 g4 17. Qe1 Qf7 18. Qh4 Rae8 19. Rae1 a6 20. h3 gxh3 21. Qxh3 Kh8
22. Kh2 Rg8 23. Bf3 Bxc3 24. bxc3 Qf8 25. Rg1 Ne7 26. Nc7 Rxg1 27. Rxg1 Ng6 28.
Rxg6 1-0

[Event "Titled Tue 26th Aug Early"]
[Site "chess.com INT"]
[Date "2025.08.26"]
[Round "1"]
[White "Xiong, Jeffery"]
[Black "Tikhonov, Viacheslav"]
[Result "1-0"]
[WhiteTitle "GM"]
[BlackTitle "CM"]
[WhiteElo "2650"]
[BlackElo "2183"]
[WhiteFideId "2047640"]
[BlackFideId "44196407"]
[EventDate "2025.08.26"]

1. e4 c5 2. Nf3 Nc6 3. Bb5 Nd4 4. Nxd4 cxd4 5. O-O a6 6. Bc4 e6 7. d3 Bc5 8. Qg4
Nf6 9. Qxg7 Rg8 10. Qh6 b5 11. Bb3 Bb7 12. a4 Rg6 13. Qh3 Qc7 14. axb5 O-O-O 15.
bxa6 Ba8 16. Nd2 Rdg8 17. g3 Ng4 18. Nf3 f5 19. Nh4 Nxf2 20. Kxf2 fxe4 21. Nxg6
Rxg6 22. Bf4 e5 23. Qxh7 e3+ 24. Ke2 Rf6 25. Qh8+ Rf8 26. Qxe5 d6 27. Qe6+ Kb8
28. a7+ Bxa7 29. Bxd6 1-0

[Event "Titled Tue 26th Aug Early"]
[Site "chess.com INT"]
[Date "2025.08.26"]
[Round "1"]
[White "Reimanis, Ritvars"]
[Black "Salasan, Haran"]
[Result "1/2-1/2"]
[WhiteTitle "IM"]
[BlackTitle "CM"]
[WhiteElo "2355"]
[BlackElo "2059"]
[WhiteFideId "11602988"]
[BlackFideId "3221253"]
[EventDate "2025.08.26"]

1. d4 Nf6 2. Nf3 d5 3. c4 c6 4. Nc3 e6 5. Bg5 Nbd7 6. e3 Qa5 7. Bxf6 Nxf6 8. Bd3
Bb4 9. Qc2 dxc4 10. Bxc4 O-O 11. O-O c5 12. Rfd1 cxd4 13. Rxd4 Bxc3 14. Qxc3
Qxc3 15. bxc3 b6 16. e4 Bb7 17. e5 Nd5 18. Bxd5 Bxd5 19. c4 Bxf3 20. gxf3 Rfd8
21. Rad1 Rxd4 22. Rxd4 Kf8 23. Rd7 Rc8 24. Rxa7 Rxc4 25. Kg2 Rc5 26. f4 Ra5 27.
Rb7 Rxa2 28. Rxb6 Ra8 29. Rb7 g6 30. h4 Kg7 31. Kg3 Ra3+ 32. Kg4 Ra1 33. Kg3
Rg1+ 34. Kf3 Rh1 35. Kg3 Rg1+ 36. Kf3 Rh1 37. Kg3 Rg1+ 1/2-1/2

[Event "Titled Tue 26th Aug Early"]
[Site "chess.com INT"]
[Date "2025.08.26"]
[Round "1"]
[White "Shangin, Lev"]
[Black "Shandrygin, Nikita"]
[Result "0-1"]
[BlackTitle "FM"]
[WhiteElo "2186"]
[BlackElo "2209"]
[WhiteFideId "55681085"]
[BlackFideId "24198668"]
[EventDate "2025.08.26"]

1. d3 d5 2. c3 Nf6 3. Nd2 g6 4. Qc2 Bg7 5. e4 O-O 6. Ngf3 c5 7. Be2 Nc6 8. O-O
Bg4 9. h3 Bxf3 10. Nxf3 Rc8 11. Bf4 Qb6 12. Rad1 Rfd8 13. Rfe1 d4 14. c4 Nd7 15.
Bc1 Qc7 16. Nh2 a6 17. f4 b5 18. b3 Nb4 19. Qb1 bxc4 20. bxc4 Rb8 21. a3 Nc6 22.
Qc2 Qb6 23. Bd2 Qb3 24. Qxb3 Rxb3 25. Ra1 Rdb8 26. Nf3 e5 27. Rec1 exf4 28. Bxf4
Nde5 29. Nxe5 Bxe5 30. Bd2 Rb2 31. Rd1 Rc2 32. Rac1 Ra2 33. Ra1 Rbb2 34. Rxa2
Rxa2 35. Bc1 Rxe2 0-1

[Event "Titled Tue 26th Aug Early"]
[Site "chess.com INT"]
[Date "2025.08.26"]
[Round "1"]
[White "Zmijanac, Dusko"]
[Black "Karamsetty, Jeevan"]
[Result "0-1"]
[WhiteTitle "FM"]
[BlackTitle "FM"]
[WhiteElo "2014"]
[BlackElo "2244"]
[WhiteFideId "908762"]
[BlackFideId "2025337"]
[EventDate "2025.08.26"]

1. d4 d6 2. Nc3 g6 3. e4 Bg7 4. Be3 a6 5. a4 Nf6 6. f3 O-O 7. Qd2 Nc6 8. Nge2 e5
9. d5 Ne7 10. Bh6 Ne8 11. h4 f5 12. h5 f4 13. Bxg7 Nxg7 14. hxg6 Nxg6 15. O-O-O
b5 16. Kb1 Bd7 17. a5 Rb8 18. g3 b4 19. Na2 b3 20. cxb3 Rxb3 21. gxf4 exf4 22.
Nec3 Qf6 23. Qd4 Ne5 24. Be2 Rfb8 25. Rd2 h5 26. Qa7 R3b7 27. Qxa6 h4 28. Bf1
Nxf3 29. Rf2 Qd4 30. Qe2 Bg4 31. Qc2 Ne1 32. Qd2 Rxb2+ 33. Qxb2 Rxb2+ 34. Kxb2
Qxf2+ 35. Kb3 Qc2+ 36. Kb4 Qb2+ 37. Ka4 Bd7+ 38. Bb5 Bxb5+ 39. Nxb5 Qxa2+ 40.
Kb4 Nd3+ 41. Kc3 Qxa5+ 42. Kxd3 Qxb5+ 43. Kd4 Qb4+ 44. Kd3 Qb3+ 0-1

[Event "Titled Tue 26th Aug Early"]
[Site "chess.com INT"]
[Date "2025.08.26"]
[Round "1"]
[White "Apoorv Kamble"]
[Black "Mohmad Bashiq Imrose"]
[Result "1-0"]
[WhiteTitle "FM"]
[BlackTitle "CM"]
[WhiteElo "2365"]
[BlackElo "2120"]
[WhiteFideId "25683012"]
[BlackFideId "25654489"]
[EventDate "2025.08.26"]

1. c4 e6 2. g3 d5 3. cxd5 exd5 4. Bg2 Nf6 5. Nf3 Be7 6. O-O O-O 7. b3 c5 8. Bb2
b6 9. d4 Bb7 10. Nbd2 Nbd7 11. Rc1 a5 12. Ne5 Ne4 13. Nxe4 dxe4 14. Qc2 Nxe5 15.
dxe5 Qd5 16. Rfd1 Qc6 17. Qc3 Rad8 18. Qe3 Qg6 19. h4 h5 20. Kh2 Rxd1 21. Rxd1
Rd8 22. Rxd8+ Bxd8 23. Qd2 Bc7 24. Qd7 Qc6 25. Qe7 Bb8 26. e6 Qxe6 27. Qxb7 1-0

[Event "Titled Tue 26th Aug Early"]
[Site "chess.com INT"]
[Date "2025.08.26"]
[Round "1"]
[White "Ganiev, Artur"]
[Black "Pournami S"]
[Result "1-0"]
[BlackTitle "WCM"]
[WhiteElo "2247"]
[BlackElo "1753"]
[WhiteFideId "34391550"]
[BlackFideId "25732439"]
[EventDate "2025.08.26"]

1. e4 c5 2. Nf3 d6 3. d4 cxd4 4. Qxd4 Nf6 5. Nc3 Nc6 6. Bb5 Bd7 7. Bxc6 Bxc6 8.
Bg5 Qb6 9. Qxb6 axb6 10. Bxf6 gxf6 11. O-O Bg7 12. Rfe1 e6 13. Rad1 Ke7 14. a3
Rhg8 15. Nd4 Ra5 16. g3 h5 17. h4 Bh6 18. Rd3 Rg4 19. Kh2 Ra8 20. Nd5+ exd5 21.
exd5+ Kd7 22. dxc6+ bxc6 23. Nf5 Bf8 24. Nxd6 Bxd6 25. Red1 1-0

[Event "Titled Tue 26th Aug Early"]
[Site "chess.com INT"]
[Date "2025.08.26"]
[Round "1"]
[White "Dreelinck, Jacob"]
[Black "Korchynskyi, Mykola"]
[Result "0-1"]
[WhiteTitle "FM"]
[BlackTitle "FM"]
[WhiteElo "2278"]
[BlackElo "2359"]
[WhiteFideId "250511"]
[BlackFideId "34138005"]
[EventDate "2025.08.26"]

1. e4 e6 2. d4 d5 3. Nd2 c5 4. exd5 Qxd5 5. dxc5 Bxc5 6. Ngf3 Nf6 7. Bc4 Qc6 8.
O-O O-O 9. Qe2 b6 10. Nb3 Bb7 11. Nxc5 Qxc5 12. Bd3 Nc6 13. Be3 Qh5 14. c3 Rad8
15. Rad1 Ne5 16. Nxe5 Qxe5 17. Bc2 Nd5 18. Qd3 g6 19. Bd4 Qg5 20. Qg3 Qxg3 21.
hxg3 f6 22. Rfe1 e5 23. Be3 Nxe3 24. Rxe3 Rxd1+ 25. Bxd1 Rd8 26. Bb3+ Kg7 27.
Re2 e4 28. Bc2 f5 29. g4 Ba6 30. Re1 Rd2 31. Bb3 Rxb2 32. gxf5 gxf5 33. g4 Kf6
34. gxf5 Kxf5 35. Bd5 Bd3 36. Kg2 Kf4 37. Bb3 Be2 38. Kg1 Bf3 39. Bd5 Rd2 40. c4
Rxa2 41. c5 Ra5 42. cxb6 Rxd5 43. bxa7 Rg5+ 44. Kf1 Ra5 0-1

[Event "Titled Tue 26th Aug Early"]
[Site "chess.com INT"]
[Date "2025.08.26"]
[Round "1"]
[White "Bologan, Victor"]
[Black "Zaw, Ye Htut"]
[Result "1-0"]
[WhiteTitle "GM"]
[BlackTitle "CM"]
[WhiteElo "2601"]
[BlackElo "2074"]
[WhiteFideId "13900048"]
[BlackFideId "13013955"]
[EventDate "2025.08.26"]

1. e4 d5 2. exd5 Qxd5 3. Nc3 Qa5 4. Nf3 Nf6 5. d4 Nc6 6. Bb5 Nd5 7. Bd2 Nxc3 8.
Bxc6+ bxc6 9. Bxc3 Qd5 10. O-O Bg4 11. Re1 Bxf3 12. Qxf3 Qxf3 13. gxf3 O-O-O 14.
Kg2 e6 15. f4 Rd5 16. Re5 Bd6 17. Rxd5 cxd5 18. Kf3 h5 19. a3 Rh6 20. Bb4 Rf6
21. Bxd6 cxd6 22. Ke3 Rg6 23. Rh1 Kd7 24. h3 Rg2 25. Kf3 Rg6 26. a4 Rf6 27. Ke3
Rg6 28. Ra1 Kc6 29. b4 h4 30. Kf3 Rf6 31. Kg4 g6 32. Ra3 e5 33. Rc3+ Kd7 34. Rf3
exf4 35. Rxf4 Rxf4+ 36. Kxf4 f6 37. Kg4 g5 38. Kf5 Kc6 39. f3 1-0

[Event "Titled Tue 26th Aug Early"]
[Site "chess.com INT"]
[Date "2025.08.26"]
[Round "1"]
[White "Adewumi, Tanitoluwa"]
[Black "Unsal, Gorkem"]
[Result "1-0"]
[WhiteTitle "IM"]
[BlackTitle "CM"]
[WhiteElo "2421"]
[BlackElo "2145"]
[WhiteFideId "30966396"]
[BlackFideId "51607484"]
[EventDate "2025.08.26"]

1. d4 d5 2. Nf3 Nf6 3. c4 e6 4. Nc3 Nbd7 5. Bg5 Be7 6. e3 O-O 7. Rc1 h6 8. Bh4
c6 9. Be2 Ne4 10. Bxe7 Qxe7 11. Nxe4 dxe4 12. Nd2 f5 13. c5 e5 14. Nc4 exd4 15.
exd4 f4 16. Nd6 f3 17. Bc4+ Kh8 18. gxf3 exf3+ 19. Kd2 b6 20. Qe1 Qf6 21. Kc2
bxc5 22. Ne4 Qf5 23. Kb1 cxd4 24. Rg1 Nc5 25. Qb4 Nxe4 26. Bd3 c5 27. Qa3 Rb8
28. Qxa7 Nc3+ 29. Rxc3 dxc3 30. Qxg7# 1-0

[Event "Titled Tue 26th Aug Early"]
[Site "chess.com INT"]
[Date "2025.08.26"]
[Round "1"]
[White "Ambartsumian, Tyhran"]
[Black "Bashirli, Saadat"]
[Result "1-0"]
[WhiteTitle "CM"]
[BlackTitle "WCM"]
[WhiteElo "2244"]
[BlackElo "1941"]
[WhiteFideId "34161112"]
[BlackFideId "13429990"]
[EventDate "2025.08.26"]

1. e4 c5 2. Nf3 Nc6 3. Bb5 d6 4. O-O Bd7 5. Re1 Nf6 6. c3 a6 7. Bf1 Bg4 8. d4
cxd4 9. cxd4 Bxf3 10. gxf3 e5 11. d5 Nd4 12. Be3 Nb5 13. Bxb5+ axb5 14. Qb3 Qd7
15. Na3 Ra5 16. Bd2 Ra4 17. Nxb5 Ra8 18. Rac1 Rc8 19. Rxc8+ Qxc8 20. Rc1 Qh3 21.
Nc7+ Ke7 22. Na8 Nd7 23. Qxb7 Qxf3 24. Nb6 Qxe4 25. Qxd7+ Kf6 26. Qh3 g5 27. Qe3
Qf5 28. Kg2 Rg8 29. Qf3 g4 30. Nd7+ Kg6 31. Qxf5+ Kxf5 32. Nxf8 1-0

[Event "Titled Tue 26th Aug Early"]
[Site "chess.com INT"]
[Date "2025.08.26"]
[Round "1"]
[White "Nepomniachtchi, Ian"]
[Black "Goncharov, Vladimir"]
[Result "1-0"]
[WhiteTitle "GM"]
[WhiteElo "2742"]
[BlackElo "2077"]
[WhiteFideId "4168119"]
[BlackFideId "34162256"]
[EventDate "2025.08.26"]

1. d4 Nf6 2. c4 e6 3. Nf3 Bb4+ 4. Bd2 Qe7 5. g3 Ne4 6. Bg2 Nxd2 7. Nbxd2 O-O 8.
O-O Bxd2 9. Nxd2 d6 10. b4 c6 11. Qb3 e5 12. d5 cxd5 13. cxd5 Bd7 14. a4 Na6 15.
Rfc1 Rac8 16. e3 Rxc1+ 17. Rxc1 Rc8 18. Rxc8+ Bxc8 19. Bf1 Nb8 20. Qc3 Qd8 21.
a5 g6 22. f4 f6 23. h4 Kf7 24. fxe5 fxe5 25. Ne4 Bf5 26. Ng5+ Kg7 27. e4 Bg4 28.
Be2 Qc8 29. Qd2 h6 30. Bxg4 Qxg4 31. Ne6+ Kh7 32. Qf2 1-0

[Event "Titled Tue 26th Aug Early"]
[Site "chess.com INT"]
[Date "2025.08.26"]
[Round "1"]
[White "Andreikin, Dmitry"]
[Black "Osetrov, Dmitrij"]
[Result "1-0"]
[WhiteTitle "GM"]
[BlackTitle "CM"]
[WhiteElo "2695"]
[BlackElo "2202"]
[WhiteFideId "4158814"]
[BlackFideId "44139713"]
[EventDate "2025.08.26"]

1. c4 Nf6 2. Nc3 c6 3. e4 d5 4. e5 d4 5. exf6 dxc3 6. fxg7 cxd2+ 7. Qxd2 Qxd2+
8. Bxd2 Bxg7 9. O-O-O Bf5 10. Ne2 Nd7 11. Bc3 Bxc3 12. Nxc3 O-O-O 13. Be2 Nf6
14. Rxd8+ Rxd8 15. Re1 Kc7 16. b3 e6 17. Nd1 Ng4 18. Bxg4 Bxg4 19. Ne3 Bh5 20.
f4 Bg6 21. g4 Rd4 22. Rf1 f6 23. h4 h5 24. f5 exf5 25. gxh5 Bxh5 26. Rxf5 Rxh4
27. Rxf6 Rh2 28. Rh6 Rh1+ 29. Kb2 Bf3 30. Rf6 Rh2+ 31. Kc3 Be4 32. c5 Rxa2 33.
Rf7+ Kb8 34. Rf8+ Kc7 35. Rf7+ Kb8 36. Nc4 Rc2+ 37. Kb4 Bd5 38. Rf8+ Kc7 39. Ne3
Be6 40. Nxc2 1-0

[Event "Titled Tue 26th Aug Early"]
[Site "chess.com INT"]
[Date "2025.08.26"]
[Round "1"]
[White "Lemos, Dawton Almino"]
[Black "Gabrielian, Artur"]
[Result "1-0"]
[WhiteTitle "FM"]
[BlackTitle "GM"]
[WhiteElo "2172"]
[BlackElo "2407"]
[WhiteFideId "2146797"]
[BlackFideId "4131002"]
[EventDate "2025.08.26"]

1. e4 c5 2. Nf3 d6 3. Bb5+ Bd7 4. Bxd7+ Qxd7 5. c4 e5 6. O-O Nc6 7. Nc3 Be7 8.
d3 f5 9. exf5 Nf6 10. Nd2 Nd4 11. Nde4 Qxf5 12. Be3 O-O 13. Bxd4 exd4 14. Nxf6+
Bxf6 15. Nd5 Rae8 16. Qd2 Bg5 17. f4 Bf6 18. Rae1 h5 19. Rxe8 Rxe8 20. Re1 Rxe1+
21. Qxe1 Kf7 22. Qe2 Bd8 23. g3 b5 24. b3 g6 25. Kg2 a6 26. h3 Bf6 27. g4 hxg4
28. hxg4 Qd7 29. Kf3 Bg7 30. Qe4 Bf8 31. f5 bxc4 32. bxc4 Bh6 33. fxg6+ Kg7 34.
Qf5 Qe8 35. g5 Qe1 36. Qf7+ 1-0

[Event "Titled Tue 26th Aug Early"]
[Site "chess.com INT"]
[Date "2025.08.26"]
[Round "1"]
[White "Germanovs, Georgijs"]
[Black "Purygin, Andrei"]
[Result "1-0"]
[WhiteTitle "CM"]
[BlackTitle "FM"]
[WhiteElo "2260"]
[BlackElo "2309"]
[WhiteFideId "11609710"]
[BlackFideId "24111180"]
[EventDate "2025.08.26"]

1. d4 Nf6 2. c4 e5 3. dxe5 Ng4 4. Nf3 Bc5 5. e3 Nc6 6. Nc3 Ngxe5 7. Be2 O-O 8.
O-O a5 9. Nd4 d6 10. Ne4 Ba7 11. b3 Re8 12. Ng3 Nxd4 13. exd4 Nc6 14. Bb2 d5 15.
cxd5 Qxd5 16. Bc4 Qg5 17. Qf3 Be6 18. Ne4 Qg4 19. d5 Bf5 20. Qxg4 Bxg4 21. dxc6
Rxe4 22. cxb7 Rb8 23. Rae1 Rxe1 24. Rxe1 Be6 25. Ba6 Kf8 26. Be5 Bb6 27. Rc1 Bd5
28. Bxc7 Bxc7 29. Rxc7 Be6 30. Rc8+ 1-0

[Event "Titled Tue 26th Aug Early"]
[Site "chess.com INT"]
[Date "2025.08.26"]
[Round "1"]
[White "Raptis, Nick"]
[Black "Murthy, Pappu"]
[Result "1-0"]
[WhiteTitle "FM"]
[WhiteElo "2220"]
[BlackElo "1836"]
[WhiteFideId "2016850"]
[BlackFideId "2013401"]
[EventDate "2025.08.26"]

1. d4 Nf6 2. Nc3 d5 3. Bg5 c5 4. e4 Nxe4 5. Nxe4 dxe4 6. dxc5 Qxd1+ 7. Rxd1 f6
8. Be3 e5 9. Ne2 Nc6 10. Nc3 Bf5 11. Bc4 Rc8 12. Bd5 Nd4 13. Bxb7 Rxc5 14. Bxe4
Bxe4 15. Nxe4 Rxc2 16. Bxd4 exd4 17. O-O Rxb2 18. Rxd4 Rxa2 19. Re1 Kf7 20. Rd7+
Kg6 21. h4 Bb4 22. Re3 Rg8 23. g4 f5 24. gxf5+ Kxf5 25. Ng3+ Kg6 26. Re6# 1-0

[Event "Titled Tue 26th Aug Early"]
[Site "chess.com INT"]
[Date "2025.08.26"]
[Round "1"]
[White "Yeganegi, Barad"]
[Black "Manukian, Artak"]
[Result "1-0"]
[WhiteTitle "FM"]
[WhiteElo "2400"]
[BlackElo "2104"]
[WhiteFideId "42516340"]
[BlackFideId "13301373"]
[EventDate "2025.08.26"]

1. Nf3 Nf6 2. b3 g6 3. Bb2 Bg7 4. g3 b6 5. Bg2 Bb7 6. O-O O-O 7. d3 d6 8. Nbd2
Nbd7 9. e4 e5 10. d4 exd4 11. Nxd4 Re8 12. Re1 a6 13. e5 Bxg2 14. exf6 Rxe1+ 15.
Qxe1 Bxf6 16. Kxg2 c5 17. Nc6 Qc7 18. Ne7+ Kf8 19. Qe4 Re8 20. Bxf6 Nxf6 21. Nd5
Qb7 22. Nxf6 Rxe4 23. Ndxe4 d5 24. Ng5 Qe7 25. h4 Qxf6 26. Nxh7+ Kg7 27. Nxf6
Kxf6 28. Re1 1-0

[Event "Titled Tue 26th Aug Early"]
[Site "chess.com INT"]
[Date "2025.08.26"]
[Round "1"]
[White "Bok, Benjamin"]
[Black "Sahbudak, Baris Cinar"]
[Result "1-0"]
[WhiteTitle "GM"]
[BlackTitle "CM"]
[WhiteElo "2587"]
[BlackElo "2182"]
[WhiteFideId "1017063"]
[BlackFideId "26351633"]
[EventDate "2025.08.26"]

1. d4 Nf6 2. c4 g6 3. g3 Bg7 4. Bg2 d5 5. Nf3 O-O 6. O-O c5 7. dxc5 dxc4 8. Na3
Qc7 9. Nxc4 Qxc5 10. b3 Nc6 11. Bb2 Rd8 12. Qc1 Be6 13. Nce5 Qb6 14. Nxc6 bxc6
15. Ne5 Bd5 16. Qc2 Rac8 17. Rac1 Bxg2 18. Kxg2 c5 19. Rfd1 Nd5 20. Qc4 e6 21.
Nd3 Nb4 22. Bxg7 Nxd3 23. Rxd3 Rxd3 24. exd3 Kxg7 25. d4 Qb7+ 26. Kg1 Qf3 27.
dxc5 e5 28. c6 e4 29. Qd4+ Kh6 30. Qxa7 f5 31. Qe3+ Qxe3 32. fxe3 Kg7 33. b4 Kf6
34. b5 Ke6 35. b6 Kd6 36. b7 1-0

[Event "Titled Tue 26th Aug Early"]
[Site "chess.com INT"]
[Date "2025.08.26"]
[Round "1"]
[White "Gustafsson, Jan"]
[Black "Goldin, Roman"]
[Result "1-0"]
[WhiteTitle "GM"]
[BlackTitle "FM"]
[WhiteElo "2591"]
[BlackElo "2284"]
[WhiteFideId "4625498"]
[BlackFideId "2803860"]
[EventDate "2025.08.26"]

1. Nf3 Nf6 2. c4 Nc6 3. d4 e6 4. Nc3 Bb4 5. Qc2 d6 6. Bd2 Qe7 7. a3 Bxc3 8. Bxc3
e5 9. dxe5 dxe5 10. e3 a5 11. b3 O-O 12. Be2 Re8 13. O-O Bg4 14. h3 Bh5 15. Rfd1
Bg6 16. Qb2 Nd7 17. b4 f6 18. c5 Bf7 19. Nd2 axb4 20. axb4 Rxa1 21. Rxa1 Nd8 22.
Ra7 Nb8 23. Nc4 Bd5 24. f3 Qe6 25. Nd2 Ndc6 26. Ra1 Nd4 27. Bxd4 exd4 28. e4 f5
29. Bb5 Bc6 30. Bc4 1-0

[Event "Titled Tue 26th Aug Early"]
[Site "chess.com INT"]
[Date "2025.08.26"]
[Round "1"]
[White "Fontaine, Quentin"]
[Black "Zarubitski, Viachaslau"]
[Result "1-0"]
[WhiteTitle "FM"]
[BlackTitle "IM"]
[WhiteElo "2314"]
[BlackElo "2409"]
[WhiteFideId "230804"]
[BlackFideId "13509373"]
[EventDate "2025.08.26"]

1. d4 d5 2. Nf3 Nf6 3. e3 c6 4. Bd3 Bg4 5. Nbd2 e6 6. h3 Bxf3 7. Nxf3 Nbd7 8.
O-O Bd6 9. c4 e5 10. dxe5 Nxe5 11. cxd5 Nxd3 12. Qxd3 Nxd5 13. Rd1 Be7 14. e4
Nf6 15. Qc2 Qb6 16. Be3 Qa6 17. Nd4 O-O 18. Nf5 Rfe8 19. Bd4 c5 20. Bc3 Qe6 21.
f3 b6 22. Rd2 Rad8 23. Rad1 Rxd2 24. Qxd2 Bf8 25. a3 h5 26. Qg5 c4 27. Rd6 Nh7
28. Rxe6 1-0

[Event "Titled Tue 26th Aug Early"]
[Site "chess.com INT"]
[Date "2025.08.26"]
[Round "1"]
[White "Mummana Venkata Ruthvik"]
[Black "Chassard, Cedric"]
[Result "1-0"]
[WhiteTitle "CM"]
[BlackTitle "FM"]
[WhiteElo "2237"]
[BlackElo "2208"]
[WhiteFideId "25697307"]
[BlackFideId "16243536"]
[EventDate "2025.08.26"]

1. Nf3 d5 2. g3 h6 3. Bg2 Nf6 4. O-O e6 5. d4 Bd6 6. b3 O-O 7. Bb2 Re8 8. Nbd2
a5 9. c4 c6 10. Qc2 b5 11. Rfe1 Bb7 12. Rac1 Na6 13. Qb1 bxc4 14. bxc4 Rb8 15.
Qa1 Qe7 16. Bc3 Bb4 17. Ne5 Nd7 18. Nxd7 Qxd7 19. a3 Bxc3 20. Qxc3 Qd8 21. Rb1
Ba8 22. e4 c5 23. Rxb8 Qxb8 24. Qxa5 Bb7 25. dxc5 Qd8 26. Qxd8 Rxd8 27. exd5
exd5 28. Rb1 Nxc5 29. Rb5 Rc8 30. Bxd5 Ba6 31. Rb6 Rc7 32. Kg2 Bc8 33. Nb3 Be6
34. Nxc5 Rxc5 35. Bxe6 fxe6 36. Rxe6 Rxc4 37. Re1 Rc3 38. Ra1 Kf7 39. a4 Rc6 40.
a5 Ra6 41. Kf3 Ke6 42. Ke4 g6 43. f4 h5 44. h3 Kf6 45. g4 hxg4 46. hxg4 1-0

[Event "Titled Tue 26th Aug Early"]
[Site "chess.com INT"]
[Date "2025.08.26"]
[Round "1"]
[White "Lamaze, Simon"]
[Black "Lissillour, Baptiste"]
[Result "1-0"]
[WhiteTitle "IM"]
[BlackTitle "FM"]
[WhiteElo "2468"]
[BlackElo "2208"]
[WhiteFideId "36069264"]
[BlackFideId "45179620"]
[EventDate "2025.08.26"]

1. e4 d6 2. f4 Nf6 3. Nc3 c5 4. Nf3 Nc6 5. Bb5 Bd7 6. O-O a6 7. Bxc6 Bxc6 8. d3
e6 9. b3 Be7 10. Bb2 O-O 11. Qe2 d5 12. Rad1 Qc7 13. Ne5 Rfe8 14. h3 Nd7 15.
Nxd7 Qxd7 16. Nb1 b5 17. Nd2 a5 18. Qg4 Bf8 19. f5 exf5 20. Rxf5 dxe4 21. Nxe4
Bxe4 22. dxe4 Qe6 23. Rdf1 Qxe4 24. Rxf7 Qxg4 25. hxg4 Re7 26. R7f5 Re2 27. R1f2
Rae8 28. Bc3 Rxf2 29. Kxf2 b4 30. Bd2 g6 31. Rd5 Bg7 32. Be3 Rf8+ 33. Ke2 Re8
34. Kd3 Rc8 35. Rxc5 Rd8+ 36. Ke2 Bc3 37. Rxa5 Re8 38. Rd5 Rf8 39. Bd4 Ra8 40.
Bxc3 bxc3 41. a4 Re8+ 42. Kd3 1-0

[Event "Titled Tue 26th Aug Early"]
[Site "chess.com INT"]
[Date "2025.08.26"]
[Round "1"]
[White "Shimanov, Aleksandr"]
[Black "Solovchuk, Oleksiy"]
[Result "1-0"]
[WhiteTitle "GM"]
[WhiteElo "2578"]
[BlackElo "2303"]
[WhiteFideId "4198603"]
[BlackFideId "14115220"]
[EventDate "2025.08.26"]

1. d4 Nf6 2. Bg5 e6 3. Nd2 d5 4. e3 c5 5. c3 Nc6 6. f4 Be7 7. Bd3 h6 8. Bxf6
Bxf6 9. Ngf3 Qb6 10. Rb1 Bd7 11. O-O O-O-O 12. b4 cxd4 13. cxd4 Kb8 14. Kh1 Be7
15. a3 f6 16. Nb3 g5 17. Nc5 Bc8 18. g3 e5 19. fxe5 fxe5 20. b5 Nxd4 21. exd4 e4
22. Ne5 exd3 23. Nf7 Bxc5 24. dxc5 Qxc5 25. Nxh8 Rxh8 26. Qxd3 d4 27. Rbc1 Qd5+
28. Kg1 Re8 29. Rf2 Re3 30. Rf8 1-0

[Event "Titled Tue 26th Aug Early"]
[Site "chess.com INT"]
[Date "2025.08.26"]
[Round "1"]
[White "Tomb, Maroun"]
[Black "Miserendino, Alfredo"]
[Result "1-0"]
[WhiteTitle "CM"]
[WhiteElo "2090"]
[BlackElo "2032"]
[WhiteFideId "5300398"]
[BlackFideId "101800"]
[EventDate "2025.08.26"]

1. e4 c5 2. Ne2 e6 3. Nbc3 Nc6 4. g3 b6 5. Bg2 Bb7 6. O-O g6 7. d4 cxd4 8. Nxd4
Bg7 9. Ndb5 Ba6 10. Nd6+ Kf8 11. Re1 Nge7 12. Bf4 Kg8 13. h4 h6 14. Qd2 Nc8 15.
e5 Nxd6 16. Qxd6 Kh7 17. Rad1 Rf8 18. Qxd7 Qxd7 19. Rxd7 Rac8 20. Bxc6 Rxc6 21.
Rxa7 b5 22. Ne4 Bc8 23. c3 Kg8 24. Rd1 b4 25. cxb4 Rc2 26. b3 g5 27. hxg5 hxg5
28. Nxg5 Re2 29. Rc1 Bxe5 30. Bxe5 Rxe5 31. Nxf7 1-0